| 000 | 00989nam a2200241 i 4500 | ||
|---|---|---|---|
| 003 | IT-RoINE | ||
| 005 | 20200728080811.0 | ||
| 008 | 140814s2014 sp |r||||o000|| spa|d | ||
| 020 | _a9788484487739 | ||
| 040 |
_aSpMaBN _cSpMaBN IT-RoINE _dIT-RoINE |
||
| 100 | 1 |
_aCardim, Pedro Almeida, _d1967- _922945 |
|
| 245 | 1 | 0 |
_aPortugal unido y separado : _bFelipe II, la unión de territorios y el debate sobre la condición política del reino de Portugal / _cPedro Cardim ; prólogo de Jean-Frédéric Schaub. |
| 260 |
_aValladolid : _bUniversidad, _c2014. |
||
| 300 |
_a285 p. ; _c18 cm. |
||
| 336 |
_aTexto (visual) _2isbdcontent |
||
| 337 |
_2rdamedia _aunmediated |
||
| 338 |
_2rdacarrier _avolume |
||
| 490 | 1 |
_aColección Síntesis. _aCátedra Felipe II ; _v16 |
|
| 504 | _aIncluye referencias bibliográficas. | ||
| 651 | 4 |
_aPortugal _xHistoria _y1580-1640 (Dinastía española) _922946 |
|
| 830 | 0 |
_912135 _aSíntesis (Universidad de Valladolid. Cátedra Felipe II) ; _v16 |
|
| 942 | _cMTS | ||
| 999 |
_c11224 _d11224 |
||